000 00595cam a22002173a 4500
001 38614
003 PGUSA
005 20140828083842.0
008 120118s2012||||xxu|||||s|||||000 | eng d
040 _aPGUSA
_beng
042 _adc
100 1 _aMitton, G. E.
_q(Geraldine Edith)
245 1 0 _aCornwall
_h[electronic resource] /
_cG. E. Mitton
260 _bProject Gutenberg,
_c2012
506 _aPublic domain in the USA.
516 _aElectronic text
700 1 _aNicholls, G. F.
830 0 _aProject Gutenberg
_v38614
856 4 0 _uhttp://www.gutenberg.org/ebooks/38614
942 _cEB
999 _c267868
_d267868